| 000 | 00502nam a2200169 i 4500 | ||
|---|---|---|---|
| 001 | 29453 | ||
| 003 | ES-MaACL | ||
| 005 | 20251110063217.0 | ||
| 007 | t| | ||
| 008 | 030122q19001999fr ||||1| fre d | ||
| 100 | 1 |
_aBarbusse, Henri, _d1873-1935 _925487 |
|
| 245 | 1 | 0 |
_aParoles d'un combattant _b: articles et discours (1917-1920) / _cHenri Barbusse. |
| 260 |
_aParĂs : _b[s.n., _c19--?] ( _fL. Pochy) |
||
| 300 |
_a238 p. ; _c19 cm. |
||
| 852 |
_aES-MaACL _jF-9789 |
||
| 999 |
_c29453 _d29453 |
||